Klasifikácia verbo-nominálnych spojení
Problematika verbo-nominálnych spojení, ktoré sa v posledných rokoch opäť dostávajú do oblasti záujmu lingvistov. Na základe vlastnej analýzy a poznatkov niektorých popredných nemeckých lingvistov autorka tieto spojenia podľa rôznych kritérií klasifikuje, napr. z hľadiska syntaktickej štruktúry verb...
Gespeichert in:
| 1. Verfasser: | |
|---|---|
| Format: | Buchkapitel |
| Sprache: | Slowakisch |
| Schlagworte: | |
| Tags: |
Keine Tags, Fügen Sie das erste Tag hinzu!
|
MARC
| LEADER | 00000nla$a2200000$$$4500 | ||
|---|---|---|---|
| 001 | 0115711 | ||
| 005 | 20240502072305.4 | ||
| 041 | 0 | |a slo | |
| 044 | |a SK | ||
| 245 | 1 | 0 | |a Klasifikácia verbo-nominálnych spojení |c Katarína Seresová |
| 520 | |a Problematika verbo-nominálnych spojení, ktoré sa v posledných rokoch opäť dostávajú do oblasti záujmu lingvistov. Na základe vlastnej analýzy a poznatkov niektorých popredných nemeckých lingvistov autorka tieto spojenia podľa rôznych kritérií klasifikuje, napr. z hľadiska syntaktickej štruktúry verbo-nominálneho spojenia, z hľadiska morfologického okolia funkčného slovesa, z hľadiska spôsobu priebehu slovesného deja, z hľadiska slovesnorodového ponímania. | ||
| 610 | 2 | 0 | |a jazykoveda |
| 100 | 1 | |a Seresová, Katarína, 1967- | |